Sustainability in the Chemical Industry Grand Challenges and Research Needs / (Record no. 565009)
[ view plain ]
| 000 -LEADER | |
|---|---|
| fixed length control field | 00425nam a2200133Ia 4500 |
| 008 - FIXED-LENGTH DATA ELEMENTS--GENERAL INFORMATION | |
| fixed length control field | 210430s9999 xx 000 0 und d |
| 020 ## - INTERNATIONAL STANDARD BOOK NUMBER | |
| International Standard Book Number | 0-309-09571-9 |
| 082 ## - DEWEY DECIMAL CLASSIFICATION NUMBER | |
| Classification number | 540 N 271 S |
| 100 ## - MAIN ENTRY--PERSONAL NAME | |
| Personal name | National research Council |
| 9 (RLIN) | 26742 |
| 245 ## - TITLE STATEMENT | |
| Title | Sustainability in the Chemical Industry Grand Challenges and Research Needs / |
| Statement of responsibility, etc. | National research Council |
| 260 ## - PUBLICATION, DISTRIBUTION, ETC. | |
| Place of publication, distribution, etc. | America |
| Name of publisher, distributor, etc. | Copyright |
| Date of publication, distribution, etc. | 2006 |
| 300 ## - PHYSICAL DESCRIPTION | |
| Extent | 194 p |
| 942 ## - ADDED ENTRY ELEMENTS (KOHA) | |
| Koha item type | Book |
| Source of classification or shelving scheme | |
| Withdrawn status | Lost status | Source of classification or shelving scheme | Damaged status | Not for loan | Permanent Location | Current Location | Shelving location | Date acquired | Full call number | Barcode | Date last seen | Price effective from | Koha item type |
|---|---|---|---|---|---|---|---|---|---|---|---|---|---|
| School of Chemical & Materials Engineering (SCME) | School of Chemical & Materials Engineering (SCME) | General Stacks | 540 N 271 S | SCME-4296 | 04/30/2021 | 04/30/2021 | Book |
